000 00537nam a2200193Ia 4500
005 20250508165701.0
008 008 250505s9999 xx 000 0 eng d
037 _aTextual
040 _aFEDL
_beng
_cFEDL
041 _aeng
_2eng
084 _a540, MAP
_qFEDL
100 _aMaple James
_9781605
245 0 _aAdavnced chemistry : an enquiry -based approach
260 _aLondon, UK
_bJohn Murray Publishers
_c1996
300 _a624p.
365 _aGBP
_b19.99
942 _cTEXL
_h540, MAP
999 _c1396722
_d1396722